00572nam a2200193Ia 4500003000900000008004100009020002200050040001600072080001900088100001800107245009400125250001200219260003000231300001600261650002400277650003400301700001800335700002500353IN-BaIIA211028s9999 xx 000 0 eng d a978-0-12-415845-0 cIIA Library a(031) 523bSPO aSpohn, Tilman 0aEncyclopaedia of the solar systemcby Tilman Spohn , Doris Breuer and Torrence Johnson a3rd ed. aAmsterdambElsevierc2014 avii, 1280p. aScience / Astronomy aSolar System -- Encyclopedias aBreuer, Doris aJohnson, Torrence. V